000 01179nam a22002417a 4500
005 20150519160618.0
010 _aENG-112566
020 _a9789381904817
_c1850.00
035 _aEN-96098
037 _bDBAD/PUB
082 _a623.451190955
100 _aMousavian, Seyed Hossein
245 0 0 _aThe Iranian nuclear crisis :
_c by Seyed Hossein Mousavian
_ba memoir /
260 _aNew Delhi
_bKW Publishers
_c2013(repr.)
270 _a4676/21, First Floor, Ansari Road, Daryaganj,
_bNew Delhi
_e110002
300 _axii,597p.
_c24cm(Hb)
500 _a Includes bibliographical references and index.
505 _a The origin and development of Iran’s nuclear program -- The first crisis -- From Tehran to Paris -- From the Paris Agreement to the 2005 presidential election -- The larijani period -- To the Security Council -- Back to the Security Council and a new domestic situation -- Iran alone: the Jalili period -- U.S. engagement -- The crisis worsens -- Conclusion.
600 _a Mousavian, Seyyed Hossein,
_d1967-
650 _aNuclear nonproliferation
_zIran.
650 _a Nuclear weapons
_zIran.
942 _2ddc
_cEN
_mMOU
_h623.451190955
999 _c92684
_d92684